000 00456nam a2200181Ia 4500
001 17442
005 20260306171517.0
008 260306s9999||||xx |||||||||||||| ||und||
041 _aESP
082 _a658
_bB141 V. 41
100 _aRiverola, J.
_eAUT
245 0 _aEl diseño de procesos y la reducción del tiempo de servicio
260 _c1997
300 _a113 páginas :
_c25 cm.
650 _aGEN
654 _aCAN
942 _cLIB
_dJUS
_fJUS
_2ddc
_n
999 _c17442
_d17442